| 000 | 01002nam a2200229Ia 4500 | ||
|---|---|---|---|
| 999 |
_c54574 _d54574 |
||
| 001 | 21640 | ||
| 003 | GE_BSU | ||
| 005 | 20211208161246.0 | ||
| 008 | 181216s ||||ge |||||||||||||| ||geo|| | ||
| 040 | _cGE_BSU | ||
| 041 | _ageo | ||
| 080 | _a811.353.1'35(075.3) ბ-29 | ||
| 100 |
_aბასილაია, ნ. _98305 |
||
| 245 |
_aპუნქტუაცია : _bდამხმ. სასწ. სახელმძღვ. მოსწავლეთათვის / _cნ. ბასილაია ; რედ. ე. პოლოლიკაშვილი. |
||
| 250 | _aმესამე შესწორებული და შევსებული გამოცემა | ||
| 264 |
_aთბილისი : _bგანათლება, _c1986. |
||
| 300 |
_a199 გვ. ; _c21 სმ. |
||
| 541 | _h0,70 თ. | ||
| 653 | _aპუნქტუაცია | ||
| 700 |
_aპოლოლიკაშვილი, ე. _eრედაქტორი _913223 |
||
| 942 |
_cBK _2udc |
||